| 000 | 01157nam a2200325 i 4500 | ||
|---|---|---|---|
| 003 | DO-SdBNP | ||
| 005 | 20240229073950.0 | ||
| 006 | a||||er|||| 00| 0 | ||
| 007 | ta | ||
| 008 | 220601b1996 dr ||||| |||| 00| 0 spa d | ||
| 020 | _a9768156198 | ||
| 040 |
_aDO-SdBNP _bspa _cBNPHU _erda |
||
| 082 | 4 |
_a339.46 _bG934L, 1996 _222 |
|
| 100 | 1 |
_aGuerrero, Miguel, _d1945- _914303 _eautor |
|
| 245 | 1 | 3 |
_aLa lucha inevitable / _cMiguel Guerrero ; prólo, José Rafael Lantigua |
| 250 | _a2a ed. | ||
| 264 | 1 |
_aSanto Domingo : _bAmigo del hogar, _c1996 |
|
| 300 |
_a203 páginas ; _c23 cm. |
||
| 336 |
_2rdacontent _atexto _btxt |
||
| 337 |
_2rdamedia _asin mediación _bn |
||
| 338 |
_2rdacarrier _avolumen _bnc |
||
| 500 | _aIncluye datos biográficos del autor en la solapa de la contracubierta | ||
| 590 | _aInventariado, 2023 / MF | ||
| 650 | 4 |
_aPobreza _zRepública Dominicana _92079 |
|
| 651 | 4 |
_aRepública Dominicana _xCondiciones sociales _946 |
|
| 651 | 4 |
_aRepública Dominicana _xCondiciones económicas _9281 |
|
| 700 | 1 |
_aLantigua, José Rafael, _d1949- _eprólogo _91438 |
|
| 910 | _aBtavárez/Validado. Control de calidad MFF | ||
| 942 |
_2ddc _cLBS1 |
||
| 999 |
_c51883 _d51883 |
||